A szezonalitás és annak enyhítésére irányuló módszerek a szállodaiparban, több magas kategóriájú szálloda példáján szemléltetve

Bibliográfiai részletek
Szerző: Szolcsánszky Anna
További közreműködők: Budea Ildikó
Dokumentumtípus: Diplomadolgozat
Kulcsszavak:szezonalitás
Online Access:http://dolgozattar.uni-bge.hu/4226

MARC

LEADER 00000nta a2200000 i 4500
001 dolg4226
005 20160210185358.0
008 151207suuuu hu om 000 hun d
040 |a BGE Dolgozattár Repozitórium  |b hun 
041 |a hu 
100 1 |a Szolcsánszky Anna 
245 1 2 |a A szezonalitás és annak enyhítésére irányuló módszerek a szállodaiparban, több magas kategóriájú szálloda példáján szemléltetve  |c Szolcsánszky Anna  |h [elektronikus dokumentum] 
246 1 1 |a A szezonalitás és annak enyhítésére irányuló módszerek a szállodaiparban, több magas kategóriájú szálloda példáján szemléltetve 
695 |a szezonalitás 
700 1 |a Budea Ildikó  |e ths 
856 4 0 |u http://dolgozattar.uni-bge.hu/4226/1/Szakdolgozat%202.pdf  |z Dokumentum-elérés